| 000 | 00663nam a2200265Ia 4500 | ||
|---|---|---|---|
| 008 | 160803s9999 xx 000 0 und d | ||
| 020 | _a059009842X | ||
| 100 | _aPolacco, Patricia | ||
| 245 | _aJust plain fancy / | ||
| 245 | _cPatricia Polacco. | ||
| 260 | _aNew York : | ||
| 260 | _bScholastic Inc. | ||
| 260 | _c1990 | ||
| 300 | _aunnumbered pages : | ||
| 300 | _bcolor illustrations ; | ||
| 300 | _c28 cm | ||
| 500 | _aOriginally published: New York : Bantam Books, c1990. | ||
| 650 | _aAmish -- | ||
| 650 | _aEggs -- | ||
| 650 | _aPeacocks -- | ||
| 650 | _xFiction. | ||
| 650 | _xFiction. | ||
| 650 | _xFiction. | ||
| 700 | _a660 | ||
| 999 |
_c299089 _d299089 |
||